[Event "8th HD Bank Cup 2018"]
[Site "Hanoi VIE"]
[Date "2018.03.10"]
[Round "1.24"]
[White "Nandhidhaa, PV"]
[Black "Pena Gomez, Manuel"]
[Result "1/2-1/2"]
[WhiteTitle "WIM"]
[BlackTitle "IM"]
[WhiteElo "2261"]
[BlackElo "2478"]
[WhiteFideId "5050847"]
[BlackFideId "2252813"]
[EventDate "2018.03.10"]

1. e4 c5 2. Nf3 e6 3. d4 cxd4 4. Nxd4 Nc6 5. Nc3 Qc7 6. Be3 a6 7. Qd2 Nf6 8. f3
Bb4 9. g4 Ne5 10. g5 Nh5 11. a3 Bxc3 12. Qxc3 Qxc3+ 13. bxc3 Ng6 14. O-O-O O-O
15. h4 Ng3 16. Rh2 Nxf1 17. Rxf1 d5 18. exd5 exd5 19. f4 Bd7 20. h5 Ne7 21. f5
f6 22. h6 gxh6 23. g6 hxg6 24. fxg6 Nxg6 25. Bxh6 Rfe8 26. Rxf6 Re1+ 27. Kb2 Rg1
28. Nf3 Rg3 29. Ng5 Ne5 30. Rhf2 Rxg5 31. Rf8+ Rxf8 32. Rxf8+ Kh7 33. Bxg5 Kg7
34. Rf2 Kg6 35. Be7 Ba4 36. Bc5 Nc4+ 37. Ka2 Kg5 38. Bd4 Kg6 39. Rf6+ Kg5 40.
Rf7 Nd6 41. Rf6 Nc4 42. Rf7 Nd6 1/2-1/2

[Event "8th HD Bank Cup 2018"]
[Site "Hanoi VIE"]
[Date "2018.03.10"]
[Round "1.25"]
[White "Dao, Thien Hai"]
[Black "Piasetski, Leon"]
[Result "1-0"]
[WhiteTitle "GM"]
[BlackTitle "IM"]
[WhiteElo "2474"]
[BlackElo "2258"]
[WhiteFideId "12400084"]
[BlackFideId "2600072"]
[EventDate "2018.03.10"]

1. d4 e6 2. c4 Nf6 3. Nf3 b6 4. g3 Ba6 5. Qa4 c6 6. Bg2 b5 7. cxb5 cxb5 8. Qd1
Bb4+ 9. Bd2 Be7 10. O-O O-O 11. Ne5 d5 12. Nc3 b4 13. Na4 Bb5 14. a3 Na6 15.
axb4 Nxb4 16. Nc3 Be8 17. f4 Qb6 18. e3 Nd7 19. Nf3 a5 20. h3 Nf6 21. Ne5 Nd7
22. Nf3 Nf6 23. Qb1 Qb7 24. Rc1 Ra6 25. Ne5 Bd6 26. b3 Kh8 27. g4 Ng8 28. Nc4
Bc7 29. Na4 Bxa4 30. Rxa4 Nf6 31. g5 Nd7 32. h4 f5 33. Bf3 Nc6 34. Ne5 Bxe5 35.
fxe5 Rb8 36. Bd1 Nb6 37. Ra1 Nb4 38. Rc5 Rba8 39. Be2 R6a7 40. Qc1 Qf7 41. Kh2
h6 42. Qg1 hxg5 43. Qxg5 Nd7 44. Bxb4 1-0

[Event "8th HD Bank Cup 2018"]
[Site "Hanoi VIE"]
[Date "2018.03.10"]
[Round "1.26"]
[White "Moksh, Amit Doshi"]
[Black "Santiago, Yago De Moura"]
[Result "0-1"]
[BlackTitle "GM"]
[WhiteElo "2256"]
[BlackElo "2473"]
[WhiteFideId "25064967"]
[BlackFideId "2103877"]
[EventDate "2018.03.10"]

1. d4 f5 2. Nf3 Nf6 3. g3 e6 4. Bg2 d5 5. O-O Bd6 6. c4 c6 7. Nc3 O-O 8. Qc2 Qe7
9. b3 b6 10. Bb2 Ne4 11. Ne5 Bb7 12. Rac1 Na6 13. Nd3 Rac8 14. c5 bxc5 15. Nxe4
fxe4 16. dxc5 Bc7 17. Ne5 Qg5 18. f4 exf3 19. Nxf3 Qe3+ 20. Kh1 e5 21. a3 Rce8
22. Qd3 Qh6 23. e4 Nb8 24. Rfe1 d4 25. Rg1 Bd8 26. Rcd1 Qh5 27. b4 Bc8 28. Bc1
Kh8 29. a4 Bg4 30. Rgf1 Nd7 31. a5 Rf7 32. Rde1 Ref8 33. Nd2 Rxf1+ 34. Rxf1 Be2
35. Rxf8+ Nxf8 36. Qa3 Bg5 37. Nf1 d3 38. Qc3 Qh6 39. Bxg5 Qxg5 40. Qd2 Qf6 41.
Ne3 Ne6 42. Nc4 Nd4 43. Qe3 Qe6 44. Qc1 h6 0-1

[Event "8th HD Bank Cup 2018"]
[Site "Hanoi VIE"]
[Date "2018.03.10"]
[Round "1.27"]
[White "Karthikeyan, P."]
[Black "Dixit, Nikhil"]
[Result "1-0"]
[WhiteTitle "IM"]
[WhiteElo "2473"]
[BlackElo "2251"]
[WhiteFideId "5018226"]
[BlackFideId "5059534"]
[EventDate "2018.03.10"]

1. d4 Nf6 2. c4 g6 3. Nf3 Bg7 4. g3 O-O 5. Bg2 d6 6. O-O Nbd7 7. Nc3 e5 8. Qc2
exd4 9. Nxd4 a6 10. Rd1 Rb8 11. a4 Ng4 12. a5 Nge5 13. Nd5 Nc5 14. b4 Nc6 15.
Bb2 Nxd4 16. Bxd4 Bxd4 17. Rxd4 Ne6 18. Rh4 f5 19. Rd1 Bd7 20. c5 c6 21. Nb6 d5
22. Bxd5 cxd5 23. Rxd5 Rf7 24. Qd2 Bc6 25. Rxd8+ Rxd8 26. Qc1 f4 27. Rxf4 Nxf4
28. gxf4 Rxf4 29. f3 Rxb4 30. Kf2 Bb5 31. Qa3 Rbd4 32. Qb3+ Kg7 33. Qc3 Kg8 34.
Qb3+ Kg7 35. e4 Rd2+ 36. Ke3 R2d3+ 1-0

[Event "8th HD Bank Cup 2018"]
[Site "Hanoi VIE"]
[Date "2018.03.10"]
[Round "1.29"]
[White "Liu, Guanchu"]
[Black "Swati, Ghate"]
[Result "1-0"]
[WhiteTitle "IM"]
[BlackTitle "WGM"]
[WhiteElo "2460"]
[BlackElo "2249"]
[WhiteFideId "8603901"]
[BlackFideId "5003474"]
[EventDate "2018.03.10"]

1. e4 c5 2. Nf3 e6 3. d4 cxd4 4. Nxd4 Nc6 5. Nc3 Qc7 6. Be3 a6 7. Qd2 Nf6 8. f3
Ne5 9. O-O-O Bb4 10. Nb3 b5 11. Qe1 Be7 12. f4 Ng6 13. e5 Ng4 14. Bd2 f5 15.
exf6 Nxf6 16. f5 exf5 17. Bd3 Ne5 18. Bg5 O-O 19. Bxf5 d6 20. Nd4 Nfg4 21. Bxh7+
Kxh7 22. Qh4+ Kg8 23. Bxe7 Ng6 24. Nd5 Qc4 25. Qg5 Rf2 26. b3 Qc5 27. Qxg6 Qxd5
28. Qxd6 Qxd6 29. Bxd6 Rxg2 30. Rhe1 Nf6 31. Rd2 Rg4 32. Be5 Ne4 33. h3 Rh4 34.
Rg2 Ra7 35. Reg1 Rh7 36. h4 Bh3 37. Rg6 Re7 38. Nc6 Rd7 39. Nb8 Re7 40. Bd4 Bf5
41. Rxa6 Rxh4 42. Nc6 Rd7 43. Bxg7 Rg4 44. Rxg4 Bxg4 45. Be5 Nc5 46. Rb6 Rd1+
47. Kb2 Rd2 48. Rxb5 1-0

[Event "8th HD Bank Cup 2018"]
[Site "Hanoi VIE"]
[Date "2018.03.10"]
[Round "1.31"]
[White "Laxman, R.R."]
[Black "Emperado, Emmanuel"]
[Result "1-0"]
[WhiteTitle "GM"]
[WhiteElo "2457"]
[BlackElo "2232"]
[WhiteFideId "5005361"]
[BlackFideId "5209960"]
[EventDate "2018.03.10"]

1. d4 a6 2. Nf3 Nf6 3. Bg5 d5 4. Nbd2 e6 5. e4 h6 6. Bxf6 Qxf6 7. Bd3 c5 8. c3
Nc6 9. dxc5 Bxc5 10. exd5 exd5 11. Nb3 Ba7 12. O-O O-O 13. Bc2 Rd8 14. Qd3 g6
15. Qd2 Bg4 16. Nfd4 Kg7 17. h3 Bd7 18. Rad1 Ne5 19. Qc1 Rac8 20. f4 Nc4 21. Kh1
Re8 22. Rde1 Bb8 23. Rxe8 Rxe8 24. Nc5 Bc8 25. Nd3 Re4 26. Rf3 Qe7 27. f5 Qd6
28. g3 g5 29. Nf2 Qe5 30. Bxe4 dxe4 31. Ng4 Qd6 32. f6+ Kf8 33. Nf5 Bxf5 34.
Rxf5 Qxg3 35. Qf1 Ne3 36. Rc5 Kg8 37. Qe2 Qxh3+ 38. Kg1 Ba7 39. Nxh6+ Qxh6 40.
Qxe3 Bxc5 41. Qxc5 Qxf6 42. Qc8+ Kg7 43. Qxb7 e3 44. Qg2 Qe5 45. Kf1 Qf5+ 46.
Kg1 g4 47. Qe2 Qe4 48. c4 f5 49. c5 a5 50. c6 Qxc6 51. Qxe3 Kg6 52. b3 Qd6 53.
a3 f4 54. Qe8+ Kg5 55. Qg8+ Kh4 56. Qh8+ Kg5 57. Qg7+ Kf5 58. Qh7+ Kg5 59. Qg7+
Qg6 60. Qe5+ Qf5 61. Qg7+ Kh4 62. Qh8+ Kg5 63. Qg7+ Qg6 64. Qe5+ Kh4 65. Qh8+
Qh5 66. Qxh5+ Kxh5 67. b4 axb4 68. axb4 1-0

[Event "8th HD Bank Cup 2018"]
[Site "Hanoi VIE"]
[Date "2018.03.10"]
[Round "1.32"]
[White "Raja, Rithvik R"]
[Black "Nguyen, Van Huy"]
[Result "1/2-1/2"]
[WhiteTitle "FM"]
[BlackTitle "IM"]
[WhiteElo "2227"]
[BlackElo "2454"]
[WhiteFideId "35007394"]
[BlackFideId "12401064"]
[EventDate "2018.03.10"]

1. Nf3 Nf6 2. c4 e6 3. g3 d5 4. d4 Bb4+ 5. Bd2 Be7 6. Bg2 O-O 7. O-O c6 8. Qc2
b6 9. Bf4 Bb7 10. Rd1 Nbd7 11. Ne5 Nh5 12. Bc1 Bd6 13. Nxd7 Qxd7 14. e4 dxe4 15.
Bxe4 Nf6 16. Bg2 c5 17. Bxb7 Qxb7 18. Be3 Qf3 19. Nd2 Qh5 20. dxc5 Bxc5 21. Bxc5
bxc5 22. Kg2 Rad8 23. Nf3 e5 24. Rxd8 Rxd8 25. Rd1 Re8 26. Nd2 1/2-1/2

[Event "8th HD Bank Cup 2018"]
[Site "Hanoi VIE"]
[Date "2018.03.10"]
[Round "1.33"]
[White "Raja, Harshit"]
[Black "Le, Huu Thai"]
[Result "0-1"]
[WhiteTitle "IM"]
[BlackTitle "CM"]
[WhiteElo "2444"]
[BlackElo "2223"]
[WhiteFideId "5089000"]
[BlackFideId "12402460"]
[EventDate "2018.03.10"]

1. e4 e5 2. Nf3 Nc6 3. Bc4 Nf6 4. d3 Be7 5. O-O O-O 6. Re1 d6 7. a4 Be6 8. Bxe6
fxe6 9. c3 Qd7 10. Qb3 Nh5 11. Qxb7 Rab8 12. Qa6 Rb6 13. Qc4 Na5 14. Qa2 Nb3 15.
Be3 Rb7 16. Nbd2 Nxa1 17. Rxa1 c5 18. Nc4 Nf4 19. Rd1 Rf6 20. d4 cxd4 21. cxd4
exd4 22. Bxd4 Ne2+ 23. Kf1 Nxd4 24. Rxd4 Qc7 25. b3 Qc5 26. Rd3 h6 27. Qe2 Rf7
28. Qd1 Rf8 29. Nd4 Bh4 30. g3 Be7 31. Ne3 Qe5 32. Qg4 Rf6 33. Nc4 Qc5 34. Ne3
h5 35. Qe2 Bf8 36. Kg2 g6 37. Qd2 a6 38. Rc3 Qe5 39. Qd3 d5 40. exd5 exd5 41. f3
Re7 42. Nec2 Bg7 43. b4 Rc7 44. Rxc7 Qxc7 45. b5 axb5 46. Qxb5 Kh7 47. Nc6 Rxc6
48. Nb4 d4 49. f4 0-1

[Event "8th HD Bank Cup 2018"]
[Site "Hanoi VIE"]
[Date "2018.03.10"]
[Round "1.34"]
[White "Mithil, Ajgaonkar"]
[Black "Harsha, Bharathakoti"]
[Result "0-1"]
[BlackTitle "IM"]
[WhiteElo "2222"]
[BlackElo "2443"]
[WhiteFideId "5017343"]
[BlackFideId "5078776"]
[EventDate "2018.03.10"]

1. d4 Nf6 2. Nf3 e6 3. c4 d5 4. e3 a6 5. Nbd2 c5 6. dxc5 Bxc5 7. a3 dxc4 8. Bxc4
b5 9. Be2 O-O 10. b4 Bd6 11. Bb2 Bb7 12. O-O Qe7 13. Rc1 Nbd7 14. Nb3 Bd5 15.
Na5 Rfc8 16. Nd4 Ne4 17. g3 0-1

[Event "8th HD Bank Cup 2018"]
[Site "Hanoi VIE"]
[Date "2018.03.10"]
[Round "1.35"]
[White "Dimakiling, Oliver"]
[Black "Kulkarni, Chinmay"]
[Result "1-0"]
[WhiteTitle "IM"]
[WhiteElo "2441"]
[BlackElo "2215"]
[WhiteFideId "5202248"]
[BlackFideId "5023513"]
[EventDate "2018.03.10"]

1. Nf3 Nf6 2. d4 d5 3. e3 c6 4. Bd3 g6 5. h3 Bg7 6. O-O O-O 7. c4 Nbd7 8. Nc3
dxc4 9. Bxc4 c5 10. Qe2 cxd4 11. Nxd4 a6 12. a4 Ne5 13. Ba2 Bd7 14. Rd1 Qc7 15.
e4 e6 16. Bf4 Rad8 17. Rac1 Qb8 18. Qe3 Bc8 19. a5 Rfe8 20. Na4 Bf8 21. Nb6 Bd6
22. Bg5 Be7 23. f4 Nc6 24. e5 Nd7 25. Nxc6 bxc6 26. Bxe7 Rxe7 1-0

[Event "8th HD Bank Cup 2018"]
[Site "Hanoi VIE"]
[Date "2018.03.10"]
[Round "1.36"]
[White "Alfred, Nathan S W"]
[Black "Czebe, Attila"]
[Result "1-0"]
[WhiteTitle "FM"]
[BlackTitle "GM"]
[WhiteElo "2208"]
[BlackElo "2436"]
[WhiteFideId "407739"]
[BlackFideId "705268"]
[EventDate "2018.03.10"]

1. d4 Nf6 2. Nf3 b6 3. c4 Bb7 4. Nc3 g6 5. d5 Bg7 6. e4 O-O 7. g3 e6 8. Bg2 exd5
9. e5 Ng4 10. Nxd5 Nxe5 11. Nxe5 Bxe5 12. O-O Bxd5 13. Qxd5 Nc6 14. Rd1 Qf6 15.
Bh6 Rfe8 16. f4 Bxb2 17. Rab1 Ne7 18. Qd3 Nf5 19. Bg5 Qd4+ 20. Kh1 Qf2 21. Bxa8
Rxa8 22. Qxd7 Bc3 1-0

[Event "8th HD Bank Cup 2018"]
[Site "Hanoi VIE"]
[Date "2018.03.10"]
[Round "1.37"]
[White "Nguyen, Anh Khoi"]
[Black "Quizon, Daniel"]
[Result "1-0"]
[WhiteTitle "IM"]
[WhiteElo "2435"]
[BlackElo "2204"]
[WhiteFideId "12404675"]
[BlackFideId "5217911"]
[EventDate "2018.03.10"]

1. d4 Nf6 2. c4 g6 3. Nc3 Bg7 4. e4 d6 5. Nge2 O-O 6. f3 e5 7. Bg5 exd4 8. Nxd4
Re8 9. Be2 Nc6 10. Nc2 h6 11. Be3 Be6 12. Qd2 Kh7 13. O-O Nd7 14. Rae1 f5 15.
exf5 Bxf5 16. Bf2 Bxc2 17. Qxc2 Nd4 18. Qd2 Nxe2+ 19. Nxe2 Qf6 20. b3 Ne5 21.
Ng3 Qf7 22. Re4 Rad8 23. Rd1 c6 24. Rf4 Qc7 25. Qc2 Rf8 26. Rxf8 Rxf8 27. Ne4
Nf7 28. Bg3 Qb6+ 29. Kh1 Be5 30. Bxe5 Nxe5 31. Qc3 Rd8 32. h3 g5 33. Nxd6 Nf7
34. c5 Qc7 35. Qf6 Rd7 36. Qf5+ Kg8 37. Qg6+ Kf8 38. Re1 Re7 39. Rf1 Qd7 40.
Nxf7 Rxf7 41. Qxh6+ Rg7 42. Re1 Kg8 1-0

[Event "8th HD Bank Cup 2018"]
[Site "Hanoi VIE"]
[Date "2018.03.10"]
[Round "1.38"]
[White "Manush, Shah"]
[Black "Li, Yankai"]
[Result "0-1"]
[WhiteElo "2202"]
[BlackElo "2434"]
[WhiteFideId "5040680"]
[BlackFideId "8609357"]
[EventDate "2018.03.10"]

1. d4 Nf6 2. Nf3 e6 3. e3 b6 4. Bd3 Bb7 5. O-O d5 6. c4 Bd6 7. Nc3 O-O 8. cxd5
exd5 9. b3 a6 10. Bb2 Nbd7 11. Qc2 Re8 12. Rac1 Ne4 13. Ne2 Rc8 14. Ng3 g6 15.
Qe2 Ra8 16. Qc2 Rc8 17. Qe2 b5 18. a4 c6 19. axb5 cxb5 20. Rxc8 Qxc8 21. Rc1 Qd8
22. Qc2 Qe7 23. Nf1 f5 24. Qb1 h6 25. g3 Kf7 26. Nh4 Ndf6 27. Rc2 Ng5 28. Kg2 0-1

[Event "8th HD Bank Cup 2018"]
[Site "Hanoi VIE"]
[Date "2018.03.10"]
[Round "1.39"]
[White "Pascua, Haridas"]
[Black "Luong, Phuong Hanh"]
[Result "1-0"]
[WhiteTitle "IM"]
[BlackTitle "WIM"]
[WhiteElo "2431"]
[BlackElo "2192"]
[WhiteFideId "5203953"]
[BlackFideId "12401013"]
[EventDate "2018.03.10"]

1. b3 e5 2. Bb2 Nc6 3. e3 g6 4. Nf3 Bg7 5. Bb5 Nge7 6. d4 exd4 7. Bxc6 Nxc6 8.
Nxd4 O-O 9. Nxc6 dxc6 10. Qxd8 Rxd8 11. Bxg7 Kxg7 12. Nd2 Bf5 13. O-O-O a5 14.
Nc4 a4 15. Kb2 b5 16. Ne5 c5 17. Nd3 c4 18. bxc4 bxc4 19. Ne5 Rdb8+ 20. Kc3 Rb5
21. Nf3 Be4 22. Nd4 Rg5 23. f3 Bb7 24. Rb1 Ba6 25. g3 Rd8 26. Nc6 Rd6 27. Nb4
Bc8 28. a3 Bh3 29. Rhg1 Rf6 1-0

[Event "8th HD Bank Cup 2018"]
[Site "Hanoi VIE"]
[Date "2018.03.10"]
[Round "1.40"]
[White "Sihite, Chelsie Monica Ignesias"]
[Black "Llaneza Vega, Marcos"]
[Result "1/2-1/2"]
[WhiteTitle "WIM"]
[BlackTitle "IM"]
[WhiteElo "2189"]
[BlackElo "2430"]
[WhiteFideId "7101198"]
[BlackFideId "2253585"]
[EventDate "2018.03.10"]

1. e4 c5 2. Nf3 Nc6 3. Bb5 Nf6 4. e5 Nd5 5. O-O g6 6. Nc3 Nc7 7. Bxc6 dxc6 8. d3
Bg7 9. h3 O-O 10. Ne4 b6 11. a4 f6 12. exf6 exf6 13. Re1 f5 14. Ned2 Nd5 15. Nc4
Qc7 16. c3 f4 17. d4 Ba6 18. Qb3 cxd4 19. cxd4 Kh8 20. Bd2 Bxc4 21. Qxc4 Qd7 22.
Rad1 Rae8 23. a5 Bf6 24. Rc1 Rxe1+ 25. Rxe1 Re8 26. Ne5 Bxe5 27. dxe5 f3 28. g4
Re6 29. axb6 axb6 30. Qe4 Qf7 31. Kh2 Kg8 32. Kg3 Qa7 33. Qxf3 Qa2 34. Bh6 Qa8
35. h4 Qe8 36. Kg2 g5 37. Bxg5 Rxe5 1/2-1/2

[Event "8th HD Bank Cup 2018"]
[Site "Hanoi VIE"]
[Date "2018.03.10"]
[Round "1.41"]
[White "Diu, Viacheslav"]
[Black "Nguyen, Hoang Nam"]
[Result "1/2-1/2"]
[WhiteTitle "IM"]
[BlackTitle "CM"]
[WhiteElo "2426"]
[BlackElo "2188"]
[WhiteFideId "4167465"]
[BlackFideId "12402133"]
[EventDate "2018.03.10"]

1. e4 Nc6 2. Nf3 g6 3. d4 Bg7 4. c4 d6 5. d5 Nb8 6. Nc3 Nf6 7. Be2 c6 8. O-O Bg4
9. Be3 O-O 10. h3 Bxf3 11. Bxf3 Nfd7 12. Qd2 Re8 13. Rac1 Na6 14. Rfe1 Qa5 15.
b3 Rac8 16. Bg4 Rc7 17. Bh6 Bh8 18. h4 Nb4 19. Bxd7 Rxd7 20. Na4 cxd5 21. exd5
b6 22. a3 Na6 23. Qxa5 bxa5 24. Bd2 Rb8 25. Rb1 Rdb7 26. Re3 Bd4 27. Rd3 Bc5 28.
Bxa5 Bxa3 29. Kf1 Bb4 30. Bxb4 Rxb4 31. Re1 Rxb3 32. Rxb3 Rxb3 33. Rxe7 Ra3 34.
c5 Rxa4 35. cxd6 Kf8 36. Rxa7 Ke8 37. g3 h5 38. Re7+ Kf8 39. Ra7 Ke8 1/2-1/2

[Event "8th HD Bank Cup 2018"]
[Site "Hanoi VIE"]
[Date "2018.03.10"]
[Round "1.42"]
[White "Le, Minh Hoang"]
[Black "Vo, Thi Kim Phung"]
[Result "0-1"]
[WhiteTitle "CM"]
[BlackTitle "WGM"]
[WhiteElo "2184"]
[BlackElo "2425"]
[WhiteFideId "12404683"]
[BlackFideId "12401838"]
[EventDate "2018.03.10"]

1. e4 e6 2. d4 d5 3. Nc3 Bb4 4. exd5 exd5 5. Bd3 Ne7 6. Ne2 O-O 7. a3 Bd6 8. Nb5
Bf5 9. Nxd6 Qxd6 10. O-O Nd7 11. Bf4 Qb6 12. Bxf5 Nxf5 13. Qd3 Ne7 14. Nc3 c6
15. Na4 Qa5 16. b3 Rfe8 17. Bd2 Qc7 18. Rfe1 Nf6 19. f3 h6 20. g3 b6 21. Re2 Ng6
22. Rae1 Qd7 23. Kg2 Rxe2+ 24. Rxe2 Re8 25. Nc3 Re6 26. Rxe6 Qxe6 27. Nd1 Ne7
28. Ne3 c5 29. Bc3 Nd7 30. Bd2 Nf6 31. Bc3 Nd7 32. Bd2 Nb8 33. dxc5 bxc5 34. Qb5
Nbc6 35. Qd3 Ne5 36. Qe2 N7c6 37. Ng4 Nxg4 38. Qxe6 fxe6 39. fxg4 Kf7 40. h4 Ne5
41. g5 h5 42. Bf4 Nd7 43. g4 e5 44. gxh5 exf4 45. Kf3 Ke6 46. Kxf4 a5 47. a4 Ne5
48. h6 gxh6 49. gxh6 Nf7 50. h7 Kf6 51. h5 Nh8 52. Kg4 Nf7 53. Kf4 Ke6 54. c3
Nh8 55. Ke3 Ke5 56. Kd3 Nf7 57. Ke3 d4+ 58. Kd3 Kd5 59. h6 Nh8 60. Ke2 Ke4 61.
Kd2 Nf7 0-1

[Event "8th HD Bank Cup 2018"]
[Site "Hanoi VIE"]
[Date "2018.03.10"]
[Round "1.44"]
[White "Nguyen, Hoai Nam"]
[Black "Tu, Hoang Thong"]
[Result "0-1"]
[BlackTitle "GM"]
[WhiteElo "2177"]
[BlackElo "2414"]
[WhiteFideId "12415880"]
[BlackFideId "12400076"]
[EventDate "2018.03.10"]

1. d4 f5 2. Bg5 c6 3. e3 Qb6 4. Qc1 h6 5. Bh4 e5 6. Bg3 e4 7. Nd2 d5 8. c4 Be6
9. Ne2 Nd7 10. a3 Qd8 11. Qc2 Ngf6 12. Nf4 Bf7 13. h4 Be7 14. Rc1 O-O 15. Be2
Rc8 16. b4 a5 17. c5 g5 18. hxg5 hxg5 19. Nh3 Nh7 20. Nb3 axb4 21. axb4 Ndf6 22.
Ra1 Ra8 23. Rxa8 Qxa8 24. Kd2 Bg6 25. Ra1 Qc8 26. Qa2 f4 27. Bh2 Bf5 28. Nxf4
gxf4 29. Bxf4 Bg4 30. f3 Bh5 31. Qa7 Bd8 32. Qa8 Qd7 33. Qb8 Ba5 34. Qd6 Bxb4+
35. Kc2 Qg7 0-1

[Event "8th HD Bank Cup 2018"]
[Site "Hanoi VIE"]
[Date "2018.03.10"]
[Round "1.45"]
[White "Raghunandan, Kaumandur Srihari"]
[Black "Kwon, Sehyun"]
[Result "1-0"]
[WhiteTitle "IM"]
[BlackTitle "CM"]
[WhiteElo "2412"]
[BlackElo "2169"]
[WhiteFideId "25004964"]
[BlackFideId "13203088"]
[EventDate "2018.03.10"]

1. e4 e5 2. Nf3 Nc6 3. Bc4 Bc5 4. d3 Nf6 5. O-O O-O 6. h3 d5 7. exd5 Nxd5 8.
Nbd2 f6 9. Ne4 Bb6 10. Bb3 Kh8 11. c4 Ndb4 12. c5 Ba5 13. Bc4 Nd5 14. a3 f5 15.
Ng3 h6 16. b4 Ndxb4 17. axb4 Bxb4 18. Bb2 Re8 19. Bb5 Qd5 20. Ng5 Qxc5 21. Qh5
Bd7 22. Bc4 Qe7 23. Nf7+ Kh7 24. Nxf5 Qf6 25. Ne3 Qg6 26. Qxg6+ Kxg6 27. Nd5 Ba5
28. Nxe5+ Nxe5 29. Rxa5 Nc6 30. Ra3 Rad8 31. d4 Kh7 32. Rg3 Rf8 33. Ne3 Ne7 34.
Re1 g6 35. Ng4 Nf5 36. Rb3 Rb8 37. d5 a5 38. Nf6+ 1-0

[Event "8th HD Bank Cup 2018"]
[Site "Hanoi VIE"]
[Date "2018.03.10"]
[Round "1.46"]
[White "Nguyen, Phuoc Tam"]
[Black "Hoang, Thi Bao Tram"]
[Result "1/2-1/2"]
[BlackTitle "WGM"]
[WhiteElo "2169"]
[BlackElo "2410"]
[WhiteFideId "12402109"]
[BlackFideId "12401102"]
[EventDate "2018.03.10"]

1. g3 d5 2. Bg2 e5 3. d3 c6 4. Nd2 g6 5. e4 Bg7 6. Ne2 Ne7 7. O-O O-O 8. c4 dxc4
9. dxc4 Qd3 10. Qb3 Qxb3 11. axb3 Na6 12. Nf3 Nc5 13. Bg5 Re8 14. Nd2 Ne6 15.
Be3 Nd4 16. Bxd4 exd4 17. Rfd1 c5 18. Nf4 Bg4 19. Nf3 Nc6 20. h3 Bd7 21. Ne1 b6
22. Ned3 a5 23. Nd5 Rab8 24. Re1 Ne7 25. f4 Nxd5 26. cxd5 Bb5 27. Nf2 f6 28. Bf1
Bd7 29. Nd3 Rbd8 30. Bg2 Bb5 31. Nf2 h5 32. Bf3 Kf7 33. Kg2 Bd7 34. Nd3 Bb5 35.
Nf2 Re7 36. h4 Bd7 37. Nd3 Bg4 38. Kf2 Bxf3 39. Kxf3 Ree8 40. Re2 Rd7 41. Rae1
Ree7 42. Rg1 Re8 1/2-1/2

[Event "8th HD Bank Cup 2018"]
[Site "Hanoi VIE"]
[Date "2018.03.10"]
[Round "1.47"]
[White "Akshat, Khamparia"]
[Black "Pratyusha, Bodda"]
[Result "1/2-1/2"]
[WhiteTitle "IM"]
[BlackTitle "WIM"]
[WhiteElo "2408"]
[BlackElo "2164"]
[WhiteFideId "5016541"]
[BlackFideId "5000629"]
[EventDate "2018.03.10"]

1. d4 Nf6 2. c4 e6 3. Nc3 Bb4 4. f3 c5 5. d5 d6 6. e4 b5 7. a3 Ba5 8. Bd2 exd5
9. Nxd5 Nxd5 10. cxd5 O-O 11. Bxa5 Qxa5+ 12. Qd2 Qa6 1/2-1/2

[Event "8th HD Bank Cup 2018"]
[Site "Hanoi VIE"]
[Date "2018.03.10"]
[Round "1.48"]
[White "Kulkarni, Vinayak"]
[Black "Vogt, Lothar"]
[Result "1/2-1/2"]
[BlackTitle "GM"]
[WhiteElo "2161"]
[BlackElo "2402"]
[WhiteFideId "5021332"]
[BlackFideId "4611292"]
[EventDate "2018.03.10"]

1. d4 Nf6 2. c4 g6 3. Nc3 Bg7 4. e4 d6 5. Nf3 O-O 6. Be2 e5 7. O-O Nbd7 8. Be3
Re8 9. d5 Nh5 10. g3 Bf8 11. Ne1 Ng7 12. Nd3 f5 13. f3 Be7 14. Qd2 Nf6 15. Nf2
c5 16. a3 Bd7 17. b4 Qb6 18. Rab1 1/2-1/2

[Event "8th HD Bank Cup 2018"]
[Site "Hanoi VIE"]
[Date "2018.03.10"]
[Round "1.49"]
[White "Hoang, Canh Huan"]
[Black "Vasilyev, Mikhail"]
[Result "1-0"]
[WhiteTitle "FM"]
[BlackTitle "IM"]
[WhiteElo "2402"]
[BlackElo "2141"]
[WhiteFideId "12400599"]
[BlackFideId "14101254"]
[EventDate "2018.03.10"]

1. e4 c5 2. Nf3 Nc6 3. Bb5 g6 4. Bxc6 dxc6 5. d3 Nf6 6. b3 Bg7 7. Bb2 O-O 8. h3
b6 9. Nbd2 Re8 10. Rb1 Qc7 11. Be5 Qb7 12. O-O h6 13. a3 a5 14. c3 Qa7 15. Qc2
Ba6 16. Rfd1 Red8 17. Nc4 Rd7 18. Ne3 Rc8 19. b4 cxb4 20. axb4 axb4 21. Rxb4
Rcd8 22. Ra1 Qb7 23. c4 b5 24. c5 Rxd3 25. Bd4 R3xd4 26. Nxd4 Nh5 27. Rd1 Qc7
28. Ne2 Bc8 29. Rxd8+ Qxd8 30. Rb1 Qc7 31. Rd1 Kh7 32. Qa2 Be6 33. Qa6 Nf6 34.
Qb6 Qe5 35. Qxc6 Nxe4 36. Qxb5 Nxc5 37. Rc1 Nd7 38. Qb4 Bf6 39. Nf4 Ba2 40. Ng4
Qf5 41. Re1 1-0

[Event "8th HD Bank Cup 2018"]
[Site "Hanoi VIE"]
[Date "2018.03.10"]
[Round "1.50"]
[White "Divya, Deshmukh"]
[Black "Bui, Vinh"]
[Result "0-1"]
[WhiteTitle "WFM"]
[BlackTitle "GM"]
[WhiteElo "2138"]
[BlackElo "2400"]
[WhiteFideId "35006916"]
[BlackFideId "12400726"]
[EventDate "2018.03.10"]

1. e4 b6 2. d4 Bb7 3. Bd3 e6 4. Ne2 c5 5. c3 Nc6 6. a3 d5 7. e5 c4 8. Bc2 Qd7 9.
Nd2 Na5 10. f4 h5 11. Nf3 O-O-O 12. Be3 Nh6 13. Qd2 Be7 14. Bf2 Bc6 15. Nc1 Ba4
16. Qd1 Bxc2 17. Qxc2 Nf5 18. a4 Kb7 19. b4 cxb3 20. Nxb3 Nc4 21. a5 b5 22. a6+
Ka8 23. Na5 Rc8 24. Qa2 Na3 25. O-O Rxc3 26. Be1 Rc7 27. Bf2 Rhc8 28. Qe2 Rc2
29. Qd1 b4 30. Nb3 Qa4 31. Nfd2 Qxa6 32. Qxh5 g6 33. Qh7 g5 34. g4 Nh4 35. Qxf7
R8c7 36. Rfc1 Bd8 37. Rxc2 Rxc2 38. Qg8 Rc8 39. Nc5 Be7 40. Nxa6 Rxg8 41. fxg5
Bxg5 42. Nb3 Nc2 43. Ra2 Ne3 44. h3 Nf3+ 45. Kh1 0-1